| 000 | 00824 am a2200265ua 4500 | ||
|---|---|---|---|
| 001 | 008063703 | ||
| 005 | 20201128021012.0 | ||
| 008 | 970428t1997 xxua frb 001 0 eng d | ||
| 020 | _a0471137723 | ||
| 020 | _a9780471137726 | ||
| 040 |
_aStDuBDS _dUk |
||
| 082 | 0 | 4 |
_a004 _222 _bCOH |
| 100 | 1 |
_aCohen, Daniel I. A., _d1946- _934885 |
|
| 245 | 1 | 0 |
_aIntroduction to computer theory / _cDaniel I. A. Cohen. |
| 250 | _a2nd ed. | ||
| 260 |
_aHoboken, United States : _bJohn Wiley & Sons, Inc., _cc.1997 _f(Acid-Free Paper) |
||
| 300 |
_axiv, 634 p. : _bill. ; _c26 cm. |
||
| 500 | _aIncludes indexes. | ||
| 500 | _aBibliography : p. 619-620. | ||
| 650 | 0 |
_aElectronic digital computers _91223 |
|
| 653 |
_bCS _cJanuary2014 |
||
| 655 |
_vreading book _934232 |
||
| 650 | 0 |
_93608 _aComputer science |
|
| 942 |
_2ddc _k004 COH |
||
| 999 |
_c17938 _d17910 |
||